00498nam a2200157Ia 4500100001500000942000700015366000900022654001200031245002300043260002500066082002000091300000800111546001200119999001700131952019200148 aKeay/John  cBK f17.5 ahistory aA history of India bHarper collinsc2007 a808.83/KEAbKEA a576 aENGLISH c28620d28620 001040708CRCaCRCEb1234d2023-03-17eEducational books and periodicalsg325.88i191 dt 11/02/2009l1o808.83/KEA KEAp19355q2015-09-09r2023-06-12s2023-06-12v395.00w0000-00-00yBK